Lo siento mucho : (Registro nro. 15121)

Detalles MARC
000 -LIDER
fixed length control field 01029nam a2200289 a 4500
001 - NÚMERO DE CONTROL
Identificador de número de control 000004412
003 - IDENTIFICACDOR DE NÚMERO DE CONTROL
control field DO-SdBPM
005 - DATE AND TIME OF LATEST TRANSACTION
control field 20250530122532.0
008 - ELEMENTOS DE LONGITUD FIJA
fixed length control field 090722s2012 ag 000 0 spa d
020 ## - ISBN
International Standard Book Number 9789876124102
040 ## - FUENTE DE CATALOGACIÓN
Agencia que crea de manera original el registro DO-SdBPM
Idioma de catalogación spa
Agencia que realiza la transcripción BPMSU
082 #4 - NÚMERO DE CLASIFICACIÓN DECIMAL DE DEWEY
Classification number 155.937
Item number S773s 2012
Edition number 22
100 1# - ASIENTO PRINCIPAL -- NOMBRE PERSONAL
Nombre personal Squellati Florence, Susan
245 13 - MENCIÓN DE TITULO
Título Lo siento mucho :
Subtítulo palabras ante el dolor de una pérdida /
Mención de responsabilidad Susan Squellati Florence ; traductor Enriqueta Naón Roca
260 ## - PUBLICACIÓN, DISTRIBUCIÓN, ETC. (PIE DE IMPRENTA)
Lugar de publicación, distribución, etc Buenos Aires, Argentina :
Nombre del editor, distribuidor, etc. V&R Editora,
Fecha de publicación, distribución, etc 2012
300 ## - DESCRIPCIÓN FÍSICA
Extensión 48 p. ;
Dimensiones 20 cm.
500 ## - NOTA GENERAL
Nota general
500 ## - NOTA GENERAL
Nota general Incluye datos biográficos en la solapa de la cubierta
500 ## - NOTA GENERAL
Nota general Incluye referencias bibliográficas y notas al pie de las páginas
590 ## - NOTA LOCAL
Texto de la nota local Inventariado, 2025/VM
650 #4 - ENCABEZAMIENTO DE MATERIA--TEMÁTICO
Término temático o nombre geográfico como elemento de entrada Duelo
Subdivisión temática general Aspectos psicologícos
650 #4 - ENCABEZAMIENTO DE MATERIA--TEMÁTICO
Término temático o nombre geográfico como elemento de entrada Luto
Subdivisión temática general Aspectos psicologícos
650 #4 - ENCABEZAMIENTO DE MATERIA--TEMÁTICO
Término temático o nombre geográfico como elemento de entrada Pérdida (Psicología)
Subdivisión temática general
700 1# - ASIENTO SECUNDARIO -- NOMBRE PERSONAL
Nombre personal Naón Roca, Enriqueta
Mención de responsabilidad traductor
910 ## - VALIDACIÓN
Validación VMateo V. Control de calidad. BPMSU
942 ## - ADDED ENTRY ELEMENTS (KOHA)
Source of classification or shelving scheme Dewey Decimal Classification
Koha item type Libros
Existencias
Withdrawn status Lost status Source of classification or shelving scheme Damaged status Not for loan Collection code Home library Current library Date acquired Total Checkouts Full call number Barcode Date last seen Price effective from Koha item type
    Dewey Decimal Classification     Colección General Biblioteca Pública Metropolitana Salomé Ureña Biblioteca Pública Metropolitana Salomé Ureña 05/30/2025   BPMSU CG 155.937 S773s 2012 BPMSU25050113 05/30/2025 05/30/2025 Libros